Islam dan Hubungan Antara Penganut Agama / (Record no. 178974)
[ view plain ]
| 000 -LEADER | |
|---|---|
| fixed length control field | 01463pac a2200421 i 4500 |
| 001 - CONTROL NUMBER | |
| control field | vtls000885289 |
| 003 - CONTROL NUMBER IDENTIFIER | |
| control field | PNM |
| 005 - DATE AND TIME OF LATEST TRANSACTION | |
| control field | 20200914121650.0 |
| 008 - FIXED-LENGTH DATA ELEMENTS--GENERAL INFORMATION | |
| fixed length control field | 190911t20192019my e a000 0 may |
| 015 ## - NATIONAL BIBLIOGRAPHY NUMBER | |
| National bibliography number | M191-03490 |
| 020 ## - INTERNATIONAL STANDARD BOOK NUMBER | |
| International Standard Book Number | 9789832718765 |
| Qualifying information | paperback |
| Terms of availability | RM 45.00 |
| 039 #9 - LEVEL OF BIBLIOGRAPHIC CONTROL AND CODING DETAIL [OBSOLETE] | |
| Level of rules in bibliographic description | 202006101529 |
| Level of effort used to assign nonsubject heading access points | rosliza |
| Level of effort used to assign subject headings | 201912161110 |
| Level of effort used to assign classification | fatin_e |
| Level of effort used to assign subject headings | 201911211218 |
| Level of effort used to assign classification | ben |
| Level of effort used to assign subject headings | 201911200929 |
| Level of effort used to assign classification | ben |
| 040 ## - CATALOGING SOURCE | |
| Original cataloging agency | BNM |
| Language of cataloging | eng |
| Transcribing agency | BNM |
| Description conventions | rda |
| Modifying agency | PPAK |
| 049 ## - LOCAL HOLDINGS (OCLC) | |
| Holding library | mal |
| 082 04 - DEWEY DECIMAL CLASSIFICATION NUMBER | |
| Classification number | 297.28 |
| Edition number | 23 |
| 090 00 - LOCALLY ASSIGNED LC-TYPE CALL NUMBER (OCLC); LOCAL CALL NUMBER (RLIN) | |
| Classification number (OCLC) (R) ; Classification number, CALL (RLIN) (NR) | 297.28 |
| Feature heading | ISL |
| Feature heading | G |
| 245 00 - TITLE STATEMENT | |
| Title | Islam dan Hubungan Antara Penganut Agama / |
| Statement of responsibility, etc. | Disunting oleh: Azizan binti Baharuddin, Enizahura binti Abdul Aziz, Mohd Amiruddin bin Kamarulzaidi |
| 264 #1 - PRODUCTION, PUBLICATION, DISTRIBUTION, MANUFACTURE, AND COPYRIGHT NOTICE | |
| Place of production, publication, distribution, manufacture | Kuala Lumpur : |
| Name of producer, publisher, distributor, manufacturer | Institut Kefahaman Islam Malaysia (IKIM), |
| Date of production, publication, distribution, manufacture, or copyright notice | [2019] |
| Date of production, publication, distribution, manufacture, or copyright notice | ©2019 |
| 300 ## - PHYSICAL DESCRIPTION | |
| Extent | xiv, 293 pages ; |
| Dimensions | 23 cm. |
| 336 ## - CONTENT TYPE | |
| Content type term | text |
| Source | rdacontent |
| 337 ## - MEDIA TYPE | |
| Media type term | unmediated |
| Source | rdamedia |
| 338 ## - CARRIER TYPE | |
| Carrier type term | volume |
| Source | rdacarrier |
| 500 ## - GENERAL NOTE | |
| General note | Includes index |
| General note | Contains verses from the Qur'an |
| 504 ## - BIBLIOGRAPHY, ETC. NOTE | |
| Bibliography, etc. note | Includes bibliographical references |
| 650 10 - SUBJECT ADDED ENTRY--TOPICAL TERM | |
| Topical term or geographic name entry element | Islam |
| General subdivision | Relations |
| Topical term or geographic name entry element | Religious pluralism |
| Geographic subdivision | Malaysia |
| Topical term or geographic name entry element | Religions |
| General subdivision | Relations |
| Topical term or geographic name entry element | Government publications |
| Geographic subdivision | Malaysia |
| 700 0# - ADDED ENTRY--PERSONAL NAME | |
| Personal name | Azizan Baharuddin, |
| Titles and other words associated with a name | Datin, Prof., Dr., |
| Relator term | editor. |
| Personal name | Enizahura Abdul Aziz, |
| Dates associated with a name | 1975- |
| Relator term | editor. |
| Personal name | Mohd. Amiruddin Kamarulzaidi, |
| Relator term | editor. |
| 942 ## - ADDED ENTRY ELEMENTS (KOHA) | |
| Source of classification or shelving scheme | Dewey Decimal Classification |
| Koha item type | Book |
| 949 ## - LOCAL PROCESSING INFORMATION (OCLC) | |
| 6 | 2000646969 |
| 6 | 2000646968 |
| 6 | 2000646967 |
| Withdrawn | Not for loan | Current library | Shelving location | Date acquired | Total Checkouts | Full call number | Barcode | Date last seen | Date last checked out | Koha item type |
|---|---|---|---|---|---|---|---|---|---|---|
| Perpustakaan Alor Setar | Pinjaman Dewasa | 04/10/2020 | 1 | 297.28 ISL | A01649085 | 23/12/2020 | 20/12/2020 | Book | ||
| Perpustakaan Awam Sungai Petani | Pinjaman Dewasa | 04/10/2020 | 297.28 ISL | A01649086 | 04/10/2020 | Book | ||||
| Perpustakaan Baling | Pinjaman Dewasa | 04/10/2020 | 297.28 ISL | A01649090 | 04/10/2020 | Book | ||||
| Perpustakaan Bandar Baharu | Pinjaman Dewasa | 04/10/2020 | 297.28 ISL | A01649091 | 04/10/2020 | Book | ||||
| Perpustakaan Jitra | Pinjaman Dewasa | 04/10/2020 | 297.28 ISL | A01649087 | 04/10/2020 | Book | ||||
| Perpustakaan Kulim | Pinjaman Dewasa | 04/10/2020 | 1 | 297.28 ISL | A01649089 | 12/12/2021 | 08/12/2021 | Book | ||
| Perpustakaan Langkawi | Pinjaman Dewasa | 04/10/2020 | 297.28 ISL | A01649088 | 04/10/2020 | Book | ||||
| Perpustakaan Merbok | Pinjaman Dewasa | 04/10/2020 | 297.28 ISL | A01649092 | 04/10/2020 | Book | ||||
| Perpustakaan Yan | Pinjaman Dewasa | 04/10/2020 | 297.28 ISL | A01649093 | 04/10/2020 | Book |